000 01681nam0a22003251 4500
001 rc\4551072
005 20130416183842.3
021 _aRU
_b[60-7000]
035 _a(NLR Aleph) 008215517
090 _a8123411
_c8123411
100 _a20130416d1959 |||y0rusy50 ca
101 0 _arus
102 _aRU
105 _aa z |||||
200 1 _aК битуминологии палеозоя Татарии и Башкирии
_fАкад. наук СССР. Ин-т геологии и разработки горючих ископаемых
210 _aМосква
_cИзд-во Акад. наук СССР
_d1959
215 _a88 с., 2 л. табл.
_cчерт.
_d26
225 1 _aИсследование Урало-Волжской нефтеносной провинции методами геохимической битуминологии
_f[В.Э. Левенсон, Н.П. Кузнецова, С.Н. Максимова
_vВып. 3]
300 _aПеред загл. авт.: В.Э. Левенсон, Н.П. Кузнецова, С.Н. Максимова
320 _aБиблиогр.: с. 85-86
606 _aНефть
_xГеохимия
_yВолго-Уральский нефтяной район
_2psbo
606 _aБитумы
_xГеохимия
_yВолго-Уральский нефтяной район
_2psbo
700 1 _aЛевенсон
_bВ. Э.
_gВиктор Эмануилович
701 1 _aКузнецова
_bН. П.
_gНина Павловна
701 1 _aМаксимова
_bС. Н.
_gСерафима Николаевна
801 0 _aRU
_bNLR
_gpsbo
801 1 _aRU
_bELAR
_2rusmarc
852 _aNLR
_j59-7/52-3
942 _cBOOK
980 _aNB